James Tate's The President Slumming Quiz Stats

 Plays Quiz not verified by Sporcle

Score 0/32 Timer 03:00
0 Plays Today
Answer % Correct
a
100%
a
100%
a
100%
the
100%
and
100%
an
100%
In
50%
weird,
50%
forlorn
50%
voice
50%
he
50%
cries:
50%
it
50%
is
50%
mirage!
50%
Then
50%
Answer % Correct
tosses
50%
wreath
50%
of
50%
scorpions
50%
to
50%
children,
50%
mounts
50%
his
50%
white
50%
nag
50%
off
50%
into
50%
darkness,
50%
smoking
50%
orange.
50%
creeps
0%

You're not logged in!

Compare scores with friends on all Sporcle quizzes.
OR
Log In

Show Comments

Extras

Created Aug 14, 2019ReportNominate
Tags:Poem Quiz, poetry, President, same

Top Quizzes Today


Score Distribution

Your Account Isn't Verified!

In order to create a playlist on Sporcle, you need to verify the email address you used during registration. Go to your Sporcle Settings to finish the process.

Report this User

Report this user for behavior that violates our Community Guidelines.

Details: